Destination, Tokyo : a pictorial history of Doolittle's Tokyo raid, April 18, 1942 /

Bibliographic Details
Main Author: Cohen, Stan
Format: Book
Language:English
Published: Missoula, Mont. : Pictorial Histories Pub. Co., [1992]
Edition:50th anniversary ed.
Subjects:

MARC

Tag First Indicator Second Indicator Subfields
LEADER 00000cam a2200000 a 4500
001 in00001204621
005 20151002075219.0
008 920717c19921983mtua b 000 0 eng d
010 |z  83060014  
020 |a 0929521528 (pbk.) 
035 |a (OCoLC)26208289 
035 |9 AGP2525AM 
040 |a DPL  |c DPL  |d UtOrBLW 
049 |a TXAS [mil] 
090 |a D767.25.T6  |b C63 1992 
092 |a 940.5425  |b C66de, 1992 
100 1 |a Cohen, Stan. 
245 1 0 |a Destination, Tokyo :  |b a pictorial history of Doolittle's Tokyo raid, April 18, 1942 /  |c by Stan Cohen. 
250 |a 50th anniversary ed. 
264 1 |a Missoula, Mont. :  |b Pictorial Histories Pub. Co.,  |c [1992] 
264 4 |c ©1983 
300 |a viii, 128 pages :  |b illustrations (some color) ;  |c 28 cm. 
336 |a text  |b txt  |2 rdacontent 
337 |a unmediated  |b n  |2 rdamedia 
338 |a volume  |b nc  |2 rdacarrier 
504 |a Bibliography: page 128. 
651 0 |a Tokyo (Japan)  |x History  |y Bombardment, 1942. 
650 0 |a Bombing, Aerial  |z Japan. 
650 0 |a World War, 1939-1945  |x Aerial operations, American. 
600 1 0 |a Doolittle, James Harold,  |d 1896-1993. 
999 |a MARS 
999 f f |s ceaa814d-9c78-3691-88fe-c893a6792ca3  |i 2dabe9b5-9769-3ebe-8b77-b99829b0dfea  |t 0 
952 f f |p noncirc  |a Texas A&M University  |b College Station  |c Cushing Memorial Library & Archives  |d Cushing: Ragan Military (Does not check out)  |t 0  |e D767.25.T6 C63 1992  |h Library of Congress classification  |i unmediated -- volume  |m A14852642124 
998 f f |a D767.25.T6 C63 1992  |t 0  |l Cushing: Ragan Military (Does not check out)